Top 10 Oldest Tanks Still In Use - Statistics

General Stats
  • This quiz has been taken 39 times
  • The average score is 4 of 10
Answer Stats
Hint Answer % Correct
1940-Present T34
86%
1947-Present T54
66%
1961-Present T62
59%
1965-Present Leopard 1
48%
1952-Present M48 Patton
31%
1946-Present Centurion
28%
1941-Present M3 Stuart
17%
1966-Present AMX30
14%
1951-Present M47 Patton
14%
1959-Present Type59
10%
No matching quizzes found
Score Distribution
Percent of People with Each Score
Percentile by Number Answered
Your Score History
You have not taken this quiz